000 00413pab a2200157 454500
008 180718b2001 xxu||||| |||| 00| 0 eng d
100 _aBabich, Yuri
245 _aFrance and Russia: friends with different interests
260 _c2001
300 _ap.74-77
362 _aSep-Oct
650 _aFrance - Foreign relations - Russia
650 _aInternational relations
773 _aEncounter
909 _a51679
999 _c51679
_d51679